The news interview (Record no. 24508)
[ view plain ]
| 000 -LEADER | |
|---|---|
| fixed length control field | 01366nam a2200349Ia 4500 |
| 082 04 - DEWEY DECIMAL CLASSIFICATION NUMBER | |
| Classification number | 070.43 |
| 100 1# - MAIN ENTRY--AUTHOR NAME | |
| Personal name | Clayman, Steven. |
| 245 14 - TITLE STATEMENT | |
| Title | The news interview |
| 260 ## - PUBLICATION, DISTRIBUTION, ETC. (IMPRINT) | |
| Place of publication | Cambridge : |
| Name of publisher | Cambridge University Press, |
| Year of publication | 2002. |
| 300 ## - PHYSICAL DESCRIPTION | |
| Number of Pages | x, 372 p. |
| 490 1# - SERIES STATEMENT | |
| Series statement | Studies in interactional sociolinguistics ; |
| 650 #0 - SUBJECT ADDED ENTRY--TOPICAL TERM | |
| Topical Term | Interviewing in journalism. |
| Topical Term | Journalists. |
| 700 1# - ADDED ENTRY--PERSONAL NAME | |
| Personal name | Heritage, John. |
| 856 40 - ELECTRONIC LOCATION AND ACCESS | |
| Uniform Resource Identifier | http://site.ebrary.com/lib/rucke/Doc?id=10022044 |
No items available.
